| 000 -ლიდერი |
| ფიქსირებული სიგრძის საკონტროლო ველი |
01381nam a22002417a 4500 |
| 003 - საკონტროლო ნომრის იდენტიფიკატორი |
| საკონტროლო ველი |
Ge_BSU |
| 005 - ბოლო ოპერაციის თარიღი და დრო |
| საკონტროლო ველი |
20250530165829.0 |
| 008 - ფიქსირებული სიგრძის მონაცემთა ელემენტები - ზოგადი ინფორმაცია |
| ფიქსირებული სიგრძის საკონტროლო ველი |
250530s2023 ge ||||| |||| 00| 0 geo d |
| 020 ## - წიგნის საერთაშორისო სტანდარტული ნომერი |
| International Standard Book Number |
9789941854552 |
| 041 ## - ენის კოდი |
| Language code of text/sound track or separate title |
geo |
| 080 ## - უნივერსალური ათობითი კლასიფიკაციის ინდექსი |
| Universal Decimal Classification number |
1(489) : 7.01 +177 კ-54 |
| 100 ## - მთავარი ჩანაწერი - პიროვნების სახელი |
| Personal name |
კირკეგორი, სიორენ |
| 9 (RLIN) |
25178 |
| 245 ## - ცნობა სათაურის შესახებ |
| Title |
ან/ან: ნაწყვეტი ცხოვრებიდან : |
| Remainder of title |
[კრებული]. (ნაწილი 1) / |
| Statement of responsibility, etc |
სიორენ კირკეგორი; მთარგმნელი რატი ბაინდურაშვილი; სამეცნიერო რედაქტორი დავით ცომაია; რედაქტორი გოგი სალიაშვილი. |
| 264 ## - წარმოების, გამოცემის, დისტრიბუციის და სხვა ცნობები |
| გამოცემის, წარმოების, დისტრიბუციის... ადგილი |
თბილისი : |
| გამოცემის, წარმოების, დისტრიბუციის... სახელწოდება |
აქტი, |
| გამოცემის, წარმოების, დისტრიბუციის... თარიღი |
2023. |
| 300 ## - ფიზიკური აღწერა |
| Extent |
392 გვ. ; |
| Other physical details |
24 სმ. |
| 653 ## - INDEX TERM--UNCONTROLLED |
| Uncontrolled term |
დანიური ფილოსოფია |
| 653 ## - INDEX TERM--UNCONTROLLED |
| Uncontrolled term |
ესთეტიკა |
| 653 ## - INDEX TERM--UNCONTROLLED |
| Uncontrolled term |
მორალი |
| 700 ## - ADDED ENTRY--PERSONAL NAME |
| Personal name |
ბაინდურაშვილი, რატი |
| Relator term |
მთარგნმელი |
| 9 (RLIN) |
25198 |
| 700 ## - ADDED ENTRY--PERSONAL NAME |
| Personal name |
ცომაია, დავით |
| Relator term |
სამეცნიერო რედაქტორი |
| 9 (RLIN) |
25165 |
| 700 ## - ADDED ENTRY--PERSONAL NAME |
| Personal name |
სალიაშვილი, გოგი |
| Relator term |
რედაქტორი. |
| 9 (RLIN) |
18657 |
| 942 ## - ADDED ENTRY ELEMENTS (KOHA) |
| Source of classification or shelving scheme |
|
| Koha item type |
წიგნი |